00906nam a2200277Ia 4500001000700000003000500007005001700012008004100029010001100070040000900081082001700090100002500107245007200132260003200204300001100236500005700247650003000304901001700334902000600351910000900357942001100366942000800377999001900385952011200404952011200516Z_3166CHAP20221020094630.0220113s1964 xx 000 0 und d a166274 cCHAP a636.085 A27y1 aAbrams, John T.9306 aNutrición animal y dietética veterinaria /cpor J. T. Abrams aZaragoza :bAcribia,c1964 a988 p. atrad. De : Animal nutrition and veterinary dietetics aNutrición animal982275 a636.085 A27Y aM a1964 c12ddc 2ddc c166274d166274 00102ddc4051708GRALaZbZd2005-11-09o636.085 A27ypz_3598r2022-01-18 00:00:00t2w2022-01-18yLIBRO 00102ddc4051708GRALaZbZd2005-11-09o636.085 A27ypz_3599r2022-01-18 00:00:00t1w2022-01-18yLIBRO